03380nam a2200553Ia 4500001000400000008004100004010000800045041001400053082001400067245027400081260001100355300000700366520000700373630002200380630001500402630001700417630002700434650001700461690002400478700003100502700004200533700004000575901009100615902000600706903003900712904001800751905002500769906000600794907001400800908001400814909005100828910001500879911001000894912001400904913000900918914002300927915001900950916000900969917000900978918001400987919002901001520173901030921000702769922000702776923000602783924001402789942001002803999001302813663241029s9999 xx 000 0 und d a600 aEspañol aNO APLICA 0aAplicación de las Tecnologías de la Información y Comunicación (TIC), en la enseñanza de las Matemáticas 014, y su incidencia en el desarrollo de competencias de los discentes, del Centro Universitario Regional del Nordeste (CURNE), durante el año 2012-2. aDuarte a85 a29 aDesarrollo Humano aIncidencia aMatemática aTecnología Educativa aMatemática aCopiado sin cambios easesoraDolores Mena, Alma eautoraLora Castillo, María Yolaris eautoraMorel Reyes, Pedro Agustín a{"1":"Lora Castillo","2":"Morel Reyes"}b{"1":"María Yolaris","2":"Pedro Agustín"} a1 a{"1":"Dolores Mena"}b{"1":"Alma"} aMaestría en aEnseñanza Superior a2 aNO APLICA aNO APLICA aUniversidad Autónoma de Santo Domingo (UASD) aNULLbNULL a["1"] aNO APLICA aNULL a01 de Mayo de 2012 a12/11/19 10:11 aNULL aNULL aNO APLICA a["58","209","135","191"] aLa Matemática 014, ha sido desde hace mucho tiempo la preocupación de los discentes que deciden realizar sus estudios de Nivel Superior y las Tecnologías de la Información y la Comunicación, se presentan como una buena opción para la enseñanza-aprendizaje de tan importante asignatura, ya que ésta tiende a dinamizar la metodología utilizada por el profesorado.En tal sentido, este estudio tuvo como objetivo principal, determinar la aplicación de las Tecnologías de la Información y Comunicación (TIC), en la enseñanza de las Matemáticas 014 y su incidencia en el desarrollo de competencias en los discentes, del Centro Universitario Regional del Nordeste (CURNE).Para la realización de esta investigación se utilizó el método inductivo, y se apoyó en el tipo de investigación descriptiva. Lo cual permitió recolectar datos extraídos de la realidad. La población objeto de estudio estuvo conformada por ocho (8) profesores que imparten la Matemática 014, así como una muestra de trescientos cincuenta y tres (353) discentes extraídos de una población total de dos mil quinientos cincuenta y cinco (2,555) que cursaron la asignatura durante el año 2012-2.Después de tabular los resultados, se encontró que el profesorado que imparte las Matemáticas 014, hace muy poco uso de los recursos tecnológicos en el desarrollo de sus clases, afirmado esto por el 58% de los discentes encuestados. Por tanto, se recomienda incrementar en una mayor proporción el uso de tales recursos en el desarrollo de sus prácticas pedagógicas, para la mejora de la calidad educativa, orientada en particular, al desarrollo de las aptitudes y competencias en el área de Matemáticas. a16 a16 a0 aNO APLICA cTesis c600d600